000 00497nam a2200193Ia 4500
003 OSt
005 20260216121609.0
008 250729s2005 xx 000 0 und d
040 _cAL
041 _akan
082 _a372.8 KARP
100 _aಕರಿಗಣ್ಣವರ ಎ ಜಿ
_9229058
245 _aಪರಿಸರ ಶಿಕ್ಷಣ
260 _aಗದಗ
_c2005
300 _a338p
650 _aEnvironmentEducation
_9229059
700 _aRao Digumurthi
_9229060
942 _2ddc
_cBED
999 _c238205
_d238205